Statistics for US Presidents by Letter- H

Click here to take the quiz!

General Stats

  • This quiz has been taken 52 times
  • The average score is 4 of 5

Answer Stats

HintAnswer% Correct
23rd PresidentBenjamin Harrison
93%
9th PresidentWilliam Henry Harrison
93%
31st PresidentHerbert Hoover
91%
19th PresidentRutherford B. Hayes
65%
29th PresidentWarren G. Harding
63%

Score Distribution

Percentile by Number Answered

Percent of People with Each Score

Your Score History

You have not taken this quiz